00355nam a2200121Ia 4500008004000000020001800040082001700058100002400075245006000099260002800159300001200187650003400199210210b1999 xxu||||| |||| 00| 0 eng d a0 07 462401 6 a658.827 SENB aSENGUPTA (Subroto). aBrand positioning stratagies for competitive advantage. aNew Delhi.bT M Hc1999 axix,299 aMarketing Brand Competition